000 00506nam a2200145 a 4500
008 120416s2001 ||||||||||||||||| || u
020 _a0340775270
050 _aQA 39.2 Joh
100 _aJohnson, Trevor
245 1 0 _aMathematics
260 _aLondon
_bHodder Headline
_c2001
300 _aiv, 284p. : ill.
350 _a0.00
995 _D0.00
_FCBU-MAIN LIBRARY (Kitwe)
_H1
_I8.99
_M1
_ULOST
_VMar 7, 2013
_WJun 23, 2006
_ZMain Library Open Access Collection
999 _c50687
_d50687